01034cam a22002771 4500001001300000003000400013005001700017008004100034010001700075025002000092040001800112041001100130043001200141050001600153082001600169100003900185245022700224260002700451300004300478350002100521500002300542504002700565650004500592700010200637999001700739sa 68010063 DLC20260227112549.0710915s1968 ii ac b 000 0 eng  asa 68010063  aPL480:I-E-10840 aDLCcDLCdDLC0 aengtam aa-ii---00aPL4758b.S600a894/.811/091 aSomasundaram Pillai, J. M.,d1892-12aA history of Tamil literature with texts and translations from the earliest times to 600 A.D.,cby J. M. Somasundaram Pillai. With a foreword and An introduction to a history of Tamil language by T. P. Meenakshisundaranar. aAnnamalainagar,c1968. av, xxv, 424 p.billus., ports.c23 cm. aRs15.00a($4.00) aEnglish and Tamil. aBibliography: p. [420] 0aTamil literaturexHistory and criticism.12aMīn̲āṭcicuntaran̲ār, Te. Po.,d1901-1980.tIntroduction to a history of Tamil language. c83306d83306